Normal view
MARC view
- Poets, Urdu
Entry Topical Term
001 - CONTROL NUMBER
- control field: 66
003 - CONTROL NUMBER IDENTIFIER
- control field: Nust
005 - DATE AND TIME OF LATEST TRANSACTION
- control field: 20170505123305.0
008 - FIXED-LENGTH DATA ELEMENTS
- fixed length control field: 170505|| aca||aabn | a|a d
040 ## - CATALOGING SOURCE
- Original cataloging agency: Nust
- Transcribing agency: Nust
150 ## - HEADING--TOPICAL TERM
- Topical term or geographic name entry element: Poets, Urdu
- Chronological subdivision: 20th century
- General subdivision: Biography.
670 ## - SOURCE DATA FOUND
- Source citation: Work cat.: (Nust)0: Qadir, Abdul, 1874-1950. 65, Iqbal, the great poet of Islam /, 1975.
